Dimenzia hospodárstva - typológia regiónov
Metóda analýzy ekonomickej úrovne regiónov a typológia regiónov. Ekonomická úroveň regiónov Slovenska podľa parciálnych evalvačných ukazovateľov. Komplexná ekonomická úroveň regiónov Slovenska.
Guardado en:
| Autor principal: | |
|---|---|
| Formato: | Capítulo de libro |
| Lenguaje: | eslovaco |
| Materias: | |
| Etiquetas: |
Sin Etiquetas, Sea el primero en etiquetar este registro!
|
MARC
| LEADER | 00000nla$a2200000$$$4500 | ||
|---|---|---|---|
| 001 | 0051101 | ||
| 005 | 20240502071608.2 | ||
| 041 | 0 | |a slo | |
| 044 | |a SK | ||
| 245 | 1 | 0 | |a Dimenzia hospodárstva - typológia regiónov |c Jozef Tvrdoň |
| 520 | |a Metóda analýzy ekonomickej úrovne regiónov a typológia regiónov. Ekonomická úroveň regiónov Slovenska podľa parciálnych evalvačných ukazovateľov. Komplexná ekonomická úroveň regiónov Slovenska. | ||
| 610 | 2 | 0 | |a úroveň rozvoja hospodárskeho |
| 610 | 2 | 0 | |a regióny ekonomické |
| 610 | 2 | 0 | |a Slovensko |
| 610 | 2 | 0 | |a zamestnanosť |
| 610 | 2 | 0 | |a reformy štruktúrne |
| 610 | 2 | 0 | |a typológia |
| 610 | 2 | 0 | |a analýza ekonomická |
| 100 | 1 | |a Tvrdoň, Jozef | |